[Event "Budapest FS06 FM-A"]
[Site "Budapest"]
[Date "2011.06.05"]
[Round "2"]
[White "Sverrisson, Nokkvi"]
[Black "Gulyas, Attila"]
[Result "0-1"]
[WhiteElo "1881"]
[BlackElo "2026"]
[PlyCount "110"]
[EventDate "2011.06.04"]
[EventType "tourn"]
[EventRounds "11"]
[EventCountry "HUN"]
[SourceTitle "CBM 142 Extra"]
[Source "ChessBase"]
[SourceDate "2011.06.27"]
[SourceVersion "1"]
[SourceVersionDate "2011.06.27"]
[SourceQuality "1"]

1. e4 c6 2. d4 d5 3. exd5 cxd5 4. c4 Nf6 5. Nc3 Nc6 6. Nf3 e6 7. cxd5 Nxd5 8. Bd3 Be7 9. 0-0 0-0 10. a3 Bf6 11. Bc2 Nxc3 12. bxc3 e5 13. d5 Ne7 14. c4 Bg4 15. Rb1 b6 16. h3 Bf5 17. Bb2 Bxc2 18. Qxc2 Rc8 19. Qe4 Ng6 20. Rfd1 Re8 21. a4 Qd7 22. Ra1 Be7 23. Ba3 f5 24. Qc2 Bc5 25. Bxc5 Rxc5 26. Ng5 Nf8 27. Qc3 e4 28. h4 h6 29. Nh3 Ng6 30. Rdc1 Ne5 31. Qd4 Qd6 32. Nf4 Ng4 33. Nh5 Ne5 34. Rc3 Qg6 35. Ng3 Qf6 36. Kf1 Rec8 37. Rac1 g6 38. Ne2 Kf7 39. Nf4 Nxc4 40. Qxf6+ Kxf6 41. Ke2 Nd6 42. Rxc5 Rxc5 43. Rxc5 bxc5 44. Ne6 Ke5 45. Nxc5 Kxd5 46. Nb3 Nb7 47. a5 a6 48. Ke3 g5 49. hxg5 hxg5 50. f4 g4 51. g3 Nd6 52. Kd2 Kc4 53. Kc2 Kb5 54. Nd4+ Kc4 55. Nb3 Kb5 0-1

[Event "Budapest FS06 FM-A"]
[Site "Budapest"]
[Date "2011.06.04"]
[Round "1"]
[White "Hocevar, Nikola"]
[Black "Sverrisson, Nokkvi"]
[Result "0-1"]
[WhiteElo "2034"]
[BlackElo "1881"]
[PlyCount "64"]
[EventDate "2011.06.04"]
[EventType "tourn"]
[EventRounds "11"]
[EventCountry "HUN"]
[SourceTitle "CBM 142 Extra"]
[Source "ChessBase"]
[SourceDate "2011.06.27"]
[SourceVersion "1"]
[SourceVersionDate "2011.06.27"]
[SourceQuality "1"]

1. c4 e5 2. Nc3 Nf6 3. g3 d5 4. cxd5 Nxd5 5. Bg2 Nb6 6. Nf3 Nc6 7. 0-0 Be7 8. a3 0-0 9. b4 a6 10. d3 Be6 11. Ne4 f6 12. Nc5 Bxc5 13. bxc5 Nd5 14. Bb2 Qd7 15. e4 Nde7 16. d4 exd4 17. Nxd4 Nxd4 18. Qxd4 Rad8 19. Qxd7 Rxd7 20. e5 fxe5 21. Bxb7 c6 22. Bxa6 Ra8 23. Bxe5 Rxa6 24. Rfe1 Bd5 25. Bc3 Ng6 26. a4 Nf8 27. Re8 Kf7 28. Rb8 Ne6 29. Bb4 Nd4 30. f4 Rda7 31. Kf2 Rxa4 32. Rxa4 Rxa4 0-1